[Event "Collado Villalba op 40th"]
[Site "Collado Villalba"]
[Date "2023.08.24"]
[Round "3"]
[White "Rodriguez de Robles, Ignacio"]
[Black "Perez Molero, Jose Ignacio"]
[Result "1-0"]
[WhiteElo "1843"]
[BlackElo "1486"]
[PlyCount "82"]
[EventDate "2023.08.22"]
[EventType "swiss"]
[EventRounds "9"]
[EventCountry "ESP"]
[SourceTitle "EXT 2024"]
[Source "ChessBase"]
[SourceDate "2023.10.10"]
[SourceVersion "1"]
[SourceVersionDate "2023.10.10"]
[SourceQuality "1"]

1. e4 c6 2. Nf3 d5 3. Nc3 Nf6 4. e5 Ne4 5. d4 Bf5 6. Bd3 Nxc3 7. bxc3 Bxd3 8. cxd3 e6 9. 0-0 Nd7 10. h3 Qa5 11. Bd2 Qa6 12. Qe2 b5 13. Nh2 Be7 14. f4 c5 15. f5 cxd4 16. cxd4 f6 17. exf6 Bxf6 18. fxe6 Bxd4+ 19. Kh1 Nc5 20. Qh5+ g6 21. Qxd5 Rd8 22. Qf3 Qb7 23. Qf7+ Qxf7 24. exf7+ Kd7 25. Rad1 Bg7 26. Ba5 Rc8 27. Ng4 Ke6 28. d4 Ne4 29. d5+ Kd7 30. Rfe1 Ng3+ 31. Kh2 Nf5 32. Ne5+ Bxe5+ 33. Rxe5 Rhf8 34. g4 Rc2+ 35. Kg1 Ng3 36. Rde1 Rxf7 37. R5e3 Ne4 38. Rxe4 Rff2 39. Re7+ Kd6 40. Bc7+ Rxc7 41. Rxc7 Kxc7 1-0